| 000 | 00603nam a22001811a 4500 | ||
|---|---|---|---|
| 001 | 18244 | ||
| 003 | OSt | ||
| 005 | 20260204212356.0 | ||
| 008 | 170513s2007||||dr ||||||b||||||||||spa|| | ||
| 082 | _aRD 341.1 J564t | ||
| 100 | _aJiménez, Brezhnev R. | ||
| 245 | _aTratados internacionales que aplica la justicia dominicana: con juriprudencia sobre derechos humanos / Brezhnev R. Jiménez | ||
| 264 | _aSanto Domingo : Librería jurídica internacional | ||
| 300 | _a263 p. | ||
| 500 | _aIncluye Bibliografía | ||
| 650 | _a1.TRATADOS BILATERALES 2. RELACIONES INTERNACIONALESÌ | ||
| 942 |
_2ddc _cBK |
||
| 999 |
_c18244 _d18244 |
||